Claude Bernard : el sebo de vela y la originalidad científica /

Kaydedildi:
Detaylı Bibliyografya
Yazar: Rodríguez de Romo, Claudia Cecilia (autor)
Diğer Yazarlar: Barona, Josep Lluís (prólogo) (prólogo)
Materyal Türü: Kitap
Dil:İspanyolca
Baskı/Yayın Bilgisi: México : Siglo XXI : UNAM, Facultad de Medicina : Academia Mexicana de Ciencias, 2006, c2006
Seri Bilgileri:(Ciencia y Técnica Siglo XXI)
Konular:
Etiketler: Etiketle
Etiket eklenmemiş, İlk siz ekleyin!

MARC

LEADER 00000nam^a2200000^a^4500
001 000194558
005 20250521000000.0
009 20260310102721.97
020 |a 968-23-2650-8 
037 |a Acervo ITESO - Biblioteca 
041 |a ESP 
082 |a 619.  |b ROD 
100 |a Rodríguez de Romo, Claudia Cecilia  |e (autor) 
245 1 0 |a Claude Bernard :  |b el sebo de vela y la originalidad científica /  |c A.C. Rodríguez de Romo ; pról. de J.L. Barona. 
264 4 |a México :  |b Siglo XXI :  |b UNAM, Facultad de Medicina :  |b Academia Mexicana de Ciencias,  |c 2006, c2006 
300 |a 200 p. 
336 |a texto  |b txt  |2 rdacontenido 
337 |a sin mediación  |b n  |2 rdamedio 
338 |a volumen  |b nc  |2 rdasoporte 
440 1 |a (Ciencia y Técnica Siglo XXI) 
649 |a XX 
650 |a Fisiólogos Franceses 
650 |a Médicos Franceses 
650 |a Científicos Franceses 
650 |a Páncreas 
650 |a Endocrinología -  |z Francia -  |x Historia 
650 |a Fisiología -  |z Francia -  |x Historia 
650 |a Investigación Médica -  |z Francia -  |x Historia 
650 |a Medicina Experimental -  |z Francia -  |x Historia -  |x Tema Principal 
650 |a Medicina -  |z Francia -  |x Historia 
650 |a Ciencias Médicas -  |z Francia -  |x Historia 
650 |a Ciencia -  |z Francia -  |x Historia 
650 |a Bernard, Claude -  |x Tema Principal 
700 |a Barona, Josep Lluís  |e (prólogo) 
910 |a Fondo General 
920 |a Impresos - Libros 
930 |a Colección General 
905 |a 101 
901 |a 0500139520  |b IT1  |c ACC  |u 20250521 
902 |a https://opac.biblio.iteso.mx/vufind/Record/000194558